Life as depicted in Sanchi sculptures (Record no. 16498)

MARC details
000 -LEADER
fixed length control field 00559nam a2200181Ia 4500
082 ## - DEWEY DECIMAL CLASSIFICATION NUMBER
Classification number TS.0763
100 ## - MAIN ENTRY--AUTHOR NAME
Personal name Srivastava, A.L.
245 #0 - TITLE STATEMENT
Title Life as depicted in Sanchi sculptures
260 ## - PUBLICATION, DISTRIBUTION, ETC. (IMPRINT)
Year of publication 1976
Name of publisher University of Lucknow
300 ## - PHYSICAL DESCRIPTION
Number of Pages 480p. + C D - 56
650 ## - SUBJECT ADDED ENTRY--TOPICAL TERM
Topical Term STATUES///SCULPTURE
650 ## - SUBJECT ADDED ENTRY--TOPICAL TERM
Topical Term SCULPTURE - MADHYA PRADESH - RAISEN DISTRICT - SANCHI VILLAGE
650 ## - SUBJECT ADDED ENTRY--TOPICAL TERM
Topical Term ART///SCULPTURE
650 ## - SUBJECT ADDED ENTRY--TOPICAL TERM
Topical Term STONEWORK, DECORATIVE//SCULPTURE
650 ## - SUBJECT ADDED ENTRY--TOPICAL TERM
Topical Term INDIA, CENTRAL - HISTORY - 0200 B.C.-0100 A.D.
710 ## - ADDED ENTRY--CORPORATE NAME
Corporate name or jurisdiction name as entry element Srivastava, B.N.
942 ## - ADDED ENTRY ELEMENTS (KOHA)
Koha item type Thesis
Source of classification or shelving scheme Dewey Decimal Classification
Holdings
Withdrawn status Lost status Damaged status Not for loan Home library Current library Date acquired Full call number Accession Number Price effective from Koha item type
        NASSDOC Library NASSDOC Library 08/10/2004 TS.0763 12722 18/04/2019 Thesis